00713cam a22002411 4500001001300000003000400013005001700017008004100034010001700075035001900092040003500111042001200146050001800158082001000176100002500186245003600211260003100247300007100278490004000349504003800389600002900427999001500456af 47001675 DLC20260227110809.0770921s1944 xx 000 0 fre c aaf 47001675  a(OCoLC)3284320 aHarvard univ. LibrarycOCdDLC apremarc00aND553.D3bR35 a759.41 aRebatet, Marguerite.00aDegas,cpar Marguerite Rebatet. aParis,bP. Tisnéc[1944] a39, [1] p., 5 l.b128 pl. (part mount. col.) on 64 l.c21 x 16 cm.0 aBibliothèque franc̜aise des arts a"Bibliographie sommaire": p. [41]10aDegas, Edgar,d1834-1917 c1342d1342